| 000 | 00358nam a22001577a 4500 | ||
|---|---|---|---|
| 005 | 20260407160533.0 | ||
| 008 | 160629b xxu||||| |||| 00| 0 eng d | ||
| 041 | _aeng | ||
| 082 | _b823.8 | ||
| 100 |
_aHardy, Thomas _93127 |
||
| 245 | _aThe Mayor of Casterbridge | ||
| 260 |
_bUBS _c2004 |
||
| 300 | _a427 | ||
| 650 |
_aenglish fiction _98925 |
||
| 942 | _cBK | ||
| 999 |
_c4578 _d4576 |
||